Normal view
MARC view
- Supervisor: Dr. Ahmed Waqas Waheed
Entry Personal Name
001 - CONTROL NUMBER
- control field: 123174
003 - CONTROL NUMBER IDENTIFIER
- control field: NUST
005 - DATE AND TIME OF LATEST TRANSACTION
- control field: 20240603162934.0
008 - FIXED-LENGTH DATA ELEMENTS
- fixed length control field: 240603|| aca||aabn | a|a d
040 ## - CATALOGING SOURCE
- Original cataloging agency: NUST
- Transcribing agency: NUST
100 ## - HEADING--PERSONAL NAME
- Personal name: Supervisor: Dr. Ahmed Waqas Waheed
670 ## - SOURCE DATA FOUND
- Source citation: Work cat.: (NUST): Shahid, Raja Wasim 123172, Critical Discourse Analysis of Narratives by Armed Non-State Actors in the ‘US War on Terrorism’: A Comparison of Afghanistan and Pakistan /
